| 000 | 00473cam a2200145K 4500 | ||
|---|---|---|---|
| 082 | 0 | 4 |
_a694 _bRIL |
| 100 | 1 |
_aRiley, J. W. _945610 |
|
| 245 | 1 | 2 |
_aA manual of carpentry and joinery _cby J.W. Riley ... |
| 260 |
_aLondon, _bMacmillan and Co.; _aNew York, _bMacmillan Co., _c1951. |
||
| 300 |
_a 510 p _b illus. |
||
| 526 |
_a0 _b0 _c0 _d694_000000000000000_RIL |
||
| 650 | 0 | _aCarpentry. | |
| 856 | 4 | 0 | _uhttp://catalog.hathitrust.org/api/volumes/oclc/1896699.html |
| 942 |
_2ddc _cBK |
||
| 999 |
_c549090 _d549090 |
||